La Construcción de lo juvenil /

Salvato in:
Dettagli Bibliografici
Autore principale: Padilla Herrera, Jaime Arturo
Ente Autore: Causa Joven. Centros de Investigación y Estudios sobre Juventud
Altri autori: comp
Natura: testo
Pubblicazione: México, D.F.: CJCIEJ
Tags: Aggiungi Tag
Nessun Tag, puoi essere il primo ad aggiungerne!!

MARC

LEADER 00000 a a2200000 04500
001 23407
003
040
090 |a R 161900  
100 |a Padilla Herrera, Jaime Arturo  
110 |a Causa Joven. Centros de Investigación y Estudios sobre Juventud  
245 |a La Construcción de lo juvenil /  |c Jaime Arturo Padilla Herrera 
260 |a México, D.F.:   |b CJCIEJ  
300 |a 239 p   |b il.  
700 |a comp  
999 |c 7609  |d 7609